|
|
|
|
| LEADER |
00000nab a2200000 a 4500 |
| 001 |
vtls000808052 |
| 003 |
SK-MaSNL |
| 005 |
20260305015221.0 |
| 008 |
250429c2002 xo 0 slo |
| 015 |
|
|
|a SNBRB2002/10-29617
|
| 035 |
|
|
|a CLN000159707
|
| 035 |
|
|
|a urn:nbn:sk:snk-ab1hj2
|
| 035 |
|
|
|a (urnnbn)urn:nbn:sk:snk:ar-003tss
|
| 035 |
|
|
|a (uuid)c4b8e962-9975-41fc-9ea7-71cb11d0f317
|
| 040 |
|
|
|a SNKBUCL
|b slo
|c SNKBUCL
|e AACR2
|
| 041 |
0 |
|
|a slo
|
| 044 |
|
|
|a xo
|c SK
|
| 080 |
|
|
|a 355.357(4)
|2 1997
|
| 080 |
|
|
|a 327.51(100)
|2 1997
|
| 100 |
1 |
|
|a Kment, Roman
|4 aut
|9 267467
|
| 245 |
1 |
0 |
|a Viacnárodné jednotky
|c Roman Kment
|
| 300 |
|
|
|b Fotogr.
|
| 610 |
2 |
7 |
|a NATO
|2 snkbucl
|9 33599
|
| 610 |
2 |
7 |
|a Európska únia
|2 snkbucl
|9 29861
|
| 650 |
0 |
7 |
|a zahraničné vojenské jednotky
|2 SNKPH
|9 67719
|
| 651 |
|
7 |
|a Európa
|2 SNKPHgeo
|9 167569
|
| 655 |
|
7 |
|a články z novín a časopisov
|2 snkbucl
|9 267496
|
| 773 |
0 |
|
|t Armáda
|g Roč. 10, č. 5 (2002), s. 4-5
|x 1335-0463
|
| 850 |
|
|
|a Slovenská národná knižnica
|
| 852 |
|
|
|a Slovenská národná knižnica
|
| 954 |
|
|
|a odborná, vedecká literatúra pôvodná (slovenská)
|2 lita
|
| 958 |
|
|
|a article2022
|
| 958 |
|
|
|a OND
|
| 958 |
|
|
|a EUIPO
|
| 992 |
|
|
|a RBX
|
| 999 |
|
|
|c 3273684
|d 3275614
|